Corazón (Record no. 23823)

MARC details
000 -LEADER
campo de control de longitud fija 00716nam a2200193 i 4500
001 - NÚMERO DE CONTROL
campo de control 23823
003 - IDENTIFICADOR DE NÚMERO DE CONTROL
campo de control ES-MaACL
005 - FECHA Y HORA DE LA ÚLTIMA TRANSACCIÓN
campo de control 20240522063030.0
007 - CAMPO FIJO DE DESCRIPCIÓN FÍSICA--INFORMACIÓN GENERAL
campo de control de longitud fija t|
008 - DATOS DE LONGITUD FIJA--INFORMACIÓN GENERAL
campo de control de longitud fija 021212s1971 mx f |||| | spa d
100 0# - ENTRADA PRINCIPAL--NOMBRE DE PERSONA
Nombre de persona De Amicis, Edmondo,
Fechas asociadas al nombre 1846-1908
9 (RLIN) 43032
245 10 - MENCIÓN DEL TÍTULO
Título Corazón
Resto del título : diario de un niño /
Mención de responsabilidad, etc. Edmondo De Amicis ; traducido de la 44 edición italiana por H. Giner de los Ríos y con un prólogo de Isidoro Fernández Flórez.
260 ## - PUBLICACIÓN, DISTRIBUCIÓN, ETC.
Lugar de publicación, distribución, etc. México :
Nombre del editor, distribuidor, etc. Editora Nacional,
Fecha de publicación, distribución, etc. [1971]
300 ## - DESCRIPCIÓN FÍSICA
Extensión 326 p., 14 lám. ;
Dimensiones 17 cm.
700 1# - ENTRADA AGREGADA--NOMBRE PERSONAL
Nombre de persona Giner de los Ríos, Hermenegildo.
9 (RLIN) 57125
700 1# - ENTRADA AGREGADA--NOMBRE PERSONAL
Nombre de persona Fernández Flórez, Isidoro.
9 (RLIN) 49788
852 ## - LOCALIZACIÓN
Ubicación ES-MaACL
Número de control de estantería E-9354
Holdings
Estatus retirado Estado de pérdida Estado de daño No para préstamo Biblioteca de origen Biblioteca actual Ubicación en estantería Fecha de adquisición Fuente de adquisición Total de préstamos Signatura topográfica completa Código de barras Visto por última vez Precio de reemplazo Tipo de ítem Koha
        Biblioteca del Ateneo de Madrid Biblioteca del Ateneo de Madrid Depósito 2 17/01/2008     E-9354 1024552 23/02/2023 23/02/2023 Libro impreso